Miami (OH) 2025-2026 Basketball Schedule - Statistics

General Stats
  • This quiz has been taken 15 times
    10 since last reset
  • The average score is 21 of 31
Answer Stats
Date Home/Away Opponent Location Result Record % Correct
Jan 17 (Sat) Home Buffalo Oxford, Ohio (Millett Hall) W 105-102 19-0 (7-0)
100%
Feb 3 (Tue) Away Buffalo Buffalo, N.Y. W 73-71 23-0 (11-0)
100%
Feb 13 (Fri) Home Ohio Oxford, Ohio (Millett Hall) W 90-74 25-0 (12-0)
100%
Mar 6 (Fri) Away Ohio Athens, Ohio W 110-108 31-0 (18-0)
100%
Jan 3 (Sat) Home Akron Oxford, Ohio (Millett Hall) W 76-73 15-0 (3-0)
89%
Dec 30 (Tue) Away Bowling Green Bowling Green, Ohio W 93-83 14-0 (2-0)
89%
Feb 20 (Fri) Home Bowling Green Oxford, Ohio (Millett Hall) W 91-77 27-0 (14-0)
89%
Jan 20 (Tue) Away Kent State Kent, Ohio W 107-101 20-0 (8-0)
89%
Jan 9 (Fri) Away Toledo Toledo, Ohio W 87-73 17-0 (5-0)
89%
Mar 3 (Tue) Home Toledo Oxford, Ohio (Millett Hall) W 74-72 30-0 (17-0)
89%
Jan 13 (Tue) Home Central Michigan Oxford, Ohio (Millett Hall) W 100-61 18-0 (6-0)
78%
Feb 24 (Tue) Away Eastern Michigan Ypsilanti, MI W 74-64 28-0 (15-0)
78%
Jan 27 (Tue) Home UMass Oxford, Ohio (Millett Hall) W 86-84 21-0 (9-0)
78%
Feb 17 (Tue) Away UMass Amherst, Mass. W 86-77 26-0 (13-0)
78%
Jan 6 (Tue) Home Western Michigan Oxford, Ohio (Millett Hall) W 87-76 16-0 (4-0)
78%
Feb 27 (Fri) Away Western Michigan Kalamazoo, MI W 69-67 29-0 (16-0)
78%
Nov 15 (Sat) Away Air Force USAF Academy, Colo. W 76-61 3-0 (0-0)
67%
Dec 20 (Sat) Away Ball State Muncie, Ind. W 86-77 12-0 (1-0)
56%
Jan 31 (Sat) Home Northern Illinois Oxford, Ohio (Millett Hall) W 85-61 22-0 (10-0)
56%
Dec 10 (Wed) Away UNC Asheville Asheville, N.C. W 90-87 9-0 (0-0)
56%
Nov 23 (Sun) Home Arkansas - Pine Bluff Oxford, Ohio (Millett Hall) W 111-84 5-0 (0-0)
44%
Dec 13 (Sat) Away Eastern Kentucky Richmond, Ky. W 79-69 10-0 (0-0)
44%
Dec 2 (Tue) Home Indiana East Oxford, Ohio (Millett Hall) W 109-65 7-0 (0-0)
44%
Dec 6 (Sat) Home Maine Oxford, Ohio (Millett Hall) W 93-61 8-0 (0-0)
44%
Feb 7 (Sat) Away Marshall University Huntington, W. Va. W 90-74 24-0 (11-0)
44%
Nov 20 (Thu) Home Mercyhurst Oxford, Ohio (Millett Hall) W 76-71 4-0 (0-0)
44%
Dec 22 (Mon) Home Milligan Oxford, Ohio (Millett Hall) W 135-81 13-0 (1-0)
44%
Nov 3 (Mon) Home Old Dominion (Millett Hall) W 87-72 1-0 (0-0)
44%
Nov 7 (Fri) Home Trinity Christian (Ill.) (Millett Hall) W 129-49 2-0 (0-0)
44%
Nov 26 (Wed) Neutral UNC Greensboro Jacksonville, Fla. / Edward Waters University W 82-71 6-0 (0-0)
44%
Dec 16 (Tue) Away Wright State Dayton, Ohio W 83-76 11-0 (0-0)
44%
No matching quizzes found
Score Distribution
Percent of People with Each Score
Percentile by Number Answered
Your Score History
You have not taken this quiz since the last reset